Color the Historical Flags #5 - Statistics

General Stats
  • This quiz has been taken 220 times
  • The average score is 4 of 6
Answers on the Map
Answers color-coded by a green-red scale on the quiz's map according to % correct below.
 
Answer Stats
Answer % Correct
White
79%
Yellow/Gold
78%
Red
74%
Blue
65%
Black
64%
Green
59%
No matching quizzes found
Score Distribution
Percent of People with Each Score
Percentile by Number Answered
Your Score History
You have not taken this quiz